Trophées UNFP (Ligue 1) - Statistiques

Statistiques générales
  • Ce quiz a été pris 75 fois
  • Le résultat moyen est 5 sur 6
Statistiques - réponses
Hint Réponse % Correct
Meilleur joueur de Ligue 1 McDonalds Ousmane DEMBELE
97%
Meilleur gardien de Ligue 1 McDonalds Lucas CHEVALIER
92%
Meilleur espoir de Ligue 1 McDonalds Désiré DOUE
91%
Meilleur entraineur de Ligue 1 McDonalds Luis ENRIQUE
91%
Meilleur joueur Français à l'étranger Kylian MBAPPE
86%
Plus beau but de Ligue 1 McDOnalds Amine GOUIRI
52%
Aucun quiz correspondant
Distribution des résultats
% des personnes avec chaque résultat
Percentile par nombre de réponses
Votre historique - résultats
Vous n’avez pas pris ce quiz